[Event "Salon de Provence op 9th"]
[Site "Salon de Provence"]
[Date "2017.07.07"]
[Round "5"]
[White "Got, Lionel"]
[Black "Goy, Wilfried"]
[Result "0-1"]
[WhiteElo "1717"]
[BlackElo "1930"]
[PlyCount "33"]
[EventDate "2017.07.07"]
[EventType "swiss"]
[EventRounds "7"]
[EventCountry "FRA"]
[SourceTitle "EXT 2020"]
[Source "ChessBase"]
[SourceDate "2019.10.17"]
[SourceVersion "1"]
[SourceVersionDate "2019.10.17"]
[SourceQuality "1"]

1. e4 e5 2. Nf3 Nc6 3. Bc4 Be7 4. c3 Nf6 5. Qe2 d6 6. Bb3 Bg4 7. d3 0-0 8. h3 Bh5 9. g4 Bg6 10. h4 h5 11. gxh5 Bxh5 12. Bg5 Qd7 13. Nbd2 a5 14. 0-0-0 b5 15. Rdg1 Kh8 16. Qf1 a4 17. Bd1 0-1

[Event "Salon de Provence op 9th"]
[Site "Salon de Provence"]
[Date "2017.07.07"]
[Round "1"]
[White "Gozzoli, Yannick"]
[Black "Goy, Wilfried"]
[Result "1-0"]
[WhiteElo "2587"]
[BlackElo "1930"]
[PlyCount "49"]
[EventDate "2017.07.07"]
[EventType "swiss"]
[EventRounds "7"]
[EventCountry "FRA"]
[SourceTitle "EXT 2020"]
[Source "ChessBase"]
[SourceDate "2019.10.17"]
[SourceVersion "1"]
[SourceVersionDate "2019.10.17"]
[SourceQuality "1"]

1. d4 d5 2. Nf3 Nf6 3. c4 e6 4. Nc3 c6 5. g3 Be7 6. Bg2 Nbd7 7. 0-0 0-0 8. Qb3 Qb6 9. Qa4 Re8 10. c5 Qd8 11. Bf4 Nf8 12. b4 Nh5 13. Bd2 Ng6 14. e4 dxe4 15. Nxe4 Nf6 16. Rfe1 a6 17. h4 Nd5 18. h5 Nf8 19. Ne5 Bd7 20. Qb3 f6 21. Nc4 Qc7 22. Nc3 Rad8 23. Nxd5 exd5 24. Bf4 dxc4 25. Qxc4+ 1-0

[Event "Marseille op 5th"]
[Site "Marseille"]
[Date "2012.12.27"]
[Round "5"]
[White "Leibenguth, Jean"]
[Black "Goy, Wilfried"]
[Result "0-1"]
[WhiteElo "1725"]
[BlackElo "1905"]
[PlyCount "86"]
[EventDate "2012.12.26"]
[EventType "swiss"]
[EventRounds "9"]
[EventCountry "FRA"]
[SourceTitle "EXT 2014"]
[Source "ChessBase"]
[SourceDate "2013.11.20"]
[SourceVersion "1"]
[SourceVersionDate "2013.11.20"]
[SourceQuality "1"]

1. e4 e5 2. Nf3 Nc6 3. Bb5 f5 4. d4 exd4 5. Nxd4 Nxd4 6. Qxd4 c6 7. Bd3 fxe4 8. Qxe4+ Qe7 9. Qxe7+ Bxe7 10. 0-0 Nf6 11. Re1 Kf7 12. Nd2 d5 13. Nf3 Bd6 14. c3 Bd7 15. Ne5+ Bxe5 16. Rxe5 Rae8 17. Rxe8 Rxe8 18. Be3 a6 19. h3 g6 20. a4 Bf5 21. Bxf5 gxf5 22. Rd1 Re4 23. Rd4 Ke6 24. Kf1 Nd7 25. Rxe4+ dxe4 26. b4 Kd5 27. Ke2 Kc4 28. Bd4 c5 29. bxc5 Nxc5 30. Bxc5 Kxc5 31. Ke3 Kc4 32. Kf4 Kxc3 33. Kxf5 b5 34. Kxe4 bxa4 35. f4 a3 36. f5 a2 37. f6 a1Q 38. Ke5 Kc4+ 39. Ke6 Qe1+ 40. Kf7 Qg3 41. Ke8 Qxg2 42. f7 Qxh3 43. f8Q Qc8+ 0-1

[Event "Marseille op 5th"]
[Site "Marseille"]
[Date "2012.12.26"]
[Round "2"]
[White "Goy, Wilfried"]
[Black "Bellahcene, Bilel"]
[Result "0-1"]
[WhiteElo "1905"]
[BlackElo "2361"]
[PlyCount "91"]
[EventDate "2012.12.26"]
[EventType "swiss"]
[EventRounds "9"]
[EventCountry "FRA"]
[SourceTitle "EXT 2014"]
[Source "ChessBase"]
[SourceDate "2013.11.20"]
[SourceVersion "1"]
[SourceVersionDate "2013.11.20"]
[SourceQuality "1"]

1. e4 e5 2. Nf3 Nc6 3. Bb5 a6 4. Ba4 Nf6 5. 0-0 Be7 6. Re1 b5 7. Bb3 0-0 8. c3 d6 9. d4 Bg4 10. d5 Na5 11. Bc2 c6 12. dxc6 Qc7 13. a4 Qxc6 14. Nbd2 h6 15. Nf1 Nc4 16. Ng3 Rfd8 17. h3 Be6 18. Qe2 Nb6 19. axb5 axb5 20. Rxa8 Nxa8 21. Nh4 Bf8 22. Nhf5 Nc7 23. Qf3 Nce8 24. Nh5 Nxh5 25. Qxh5 Kh7 26. Qh4 Ra8 27. Ne7 Bxe7 28. Qxe7 b4 29. Bd2 Ra2 30. Rb1 Nf6 31. Bd3 Rxb2 32. Rxb2 bxc3 33. Rc2 cxd2 34. Rxc6 d1Q+ 35. Bf1 Nh5 36. Qc7 Bb3 37. Qc8 Qd4 38. Qf5+ g6 39. Qf3 Be6 40. Rc1 d5 41. Qe3 Qb2 42. Bd3 d4 43. Qe1 Nf4 44. Bc4 d3 45. Qf1 d2 46. Rd1 0-1

[Event "Marseille op 5th"]
[Site "Marseille"]
[Date "2012.12.26"]
[Round "1"]
[White "Roche, Alain"]
[Black "Goy, Wilfried"]
[Result "0-1"]
[WhiteElo "1431"]
[BlackElo "1905"]
[PlyCount "72"]
[EventDate "2012.12.26"]
[EventType "swiss"]
[EventRounds "9"]
[EventCountry "FRA"]
[SourceTitle "EXT 2014"]
[Source "ChessBase"]
[SourceDate "2013.11.20"]
[SourceVersion "1"]
[SourceVersionDate "2013.11.20"]
[SourceQuality "1"]

1. e4 c5 2. Nf3 Nc6 3. d4 cxd4 4. Nxd4 e6 5. Nf3 Qc7 6. Nc3 a6 7. Bd3 Nf6 8. 0-0 b5 9. Bg5 Ng4 10. h3 h6 11. Bh4 Nge5 12. Nxe5 Qxe5 13. Ne2 Qxb2 14. f4 Bc5+ 15. Kh1 Bb7 16. Rb1 Qa3 17. f5 Ne5 18. Rb3 Qa5 19. fxe6 dxe6 20. Bg3 Nxd3 21. Qxd3 Qd8 22. Qf3 0-0 23. Rd3 Qe7 24. Be5 f5 25. Qh5 Qg5 26. Qxg5 hxg5 27. Rd7 Rf7 28. Rxf7 Kxf7 29. exf5 exf5 30. Bb2 f4 31. Bd4 Be7 32. h4 Rh8 33. Kg1 Rxh4 34. Ng3 Kg6 35. Re1 fxg3 36. Rxe7 Rxd4 0-1

[Event "Fouesnant op 14th"]
[Site "Fouesnant"]
[Date "2008.10.26"]
[Round "2"]
[White "Goy, Wilfried"]
[Black "Picart, Laurent"]
[Result "1/2-1/2"]
[WhiteElo "1946"]
[BlackElo "2141"]
[PlyCount "99"]
[EventDate "2008.10.25"]
[EventType "swiss"]
[EventRounds "9"]
[EventCountry "FRA"]
[SourceTitle "EXT 2009"]
[Source "ChessBase"]
[SourceDate "2008.11.26"]
[SourceVersion "1"]
[SourceVersionDate "2008.11.26"]
[SourceQuality "1"]

1. e4 e5 2. Nc3 Nf6 3. Nf3 Bb4 4. Nxe5 0-0 5. Be2 Re8 6. Nc4 Bxc3 7. dxc3 Nxe4 8. 0-0 d6 9. Bf4 Qf6 10. Be3 Nc6 11. Bf3 Bf5 12. Bd4 Nxd4 13. cxd4 Qg6 14. Ne3 c6 15. Rc1 Re7 16. Nxf5 Qxf5 17. Bxe4 Rxe4 18. f3 Rh4 19. Qd2 Qd5 20. c3 c5 21. Qf2 Rh6 22. Rfd1 c4 23. Re1 Kf8 24. Rc2 Re8 25. Rxe8+ Kxe8 26. Qg3 Kf8 27. Re2 Re6 28. Qe1 h6 29. Kf2 Ke7 30. Rxe6+ fxe6 31. Qe4 Qb5 32. Qc2 Kf6 33. Qe2 e5 34. dxe5+ dxe5 35. Kg3 Qd5 36. Kf2 g5 37. Qe4 Qc5+ 38. Qe3 Qb5 39. Qd2 Qb6+ 40. Kg3 Ke7 41. h4 Qf6 42. hxg5 hxg5 43. Kg4 Qf4+ 44. Qxf4 gxf4 45. Kf5 Kd6 46. b3 b5 47. bxc4 bxc4 48. Kf6 Kd5 49. Kf5 Kd6 50. Kf6 1/2-1/2

[Event "Avoine op 23rd"]
[Site "Avoine"]
[Date "2008.07.22"]
[Round "4"]
[White "Goy, Wilfried"]
[Black "Leruste, Georges"]
[Result "0-1"]
[WhiteElo "1906"]
[BlackElo "2133"]
[PlyCount "74"]
[EventDate "2008.07.19"]
[EventType "swiss"]
[EventRounds "9"]
[EventCountry "FRA"]
[SourceTitle "CBM 125 Extra"]
[Source "ChessBase"]
[SourceDate "2008.09.01"]
[SourceVersion "1"]
[SourceVersionDate "2008.09.01"]
[SourceQuality "1"]

1. c4 c5 2. Nf3 g6 3. g3 Bg7 4. Bg2 Nc6 5. Nc3 e5 6. d3 Nge7 7. 0-0 d6 8. Rb1 0-0 9. h3 h6 10. e4 Be6 11. a3 a5 12. Nd5 Rb8 13. Bd2 b5 14. b4 axb4 15. axb4 bxc4 16. b5 cxd3 17. bxc6 Nxd5 18. exd5 Bxd5 19. Ne1 Bxg2 20. Kxg2 Qc7 21. Nxd3 Qxc6+ 22. f3 f5 23. Rxb8 Rxb8 24. Qc1 Qd5 25. Nf2 Kh7 26. g4 e4 27. fxe4 fxe4 28. Be3 Rf8 29. Nd1 Rxf1 30. Kxf1 c4 31. Nf2 c3 32. Qc2 Qb5+ 33. Kg2 d5 34. g5 d4 35. Qxe4 dxe3 36. Qxe3 c2 37. gxh6 Qc6+ 0-1

[Event "Fouesnant op 13th"]
[Site "Fouesnant"]
[Date "2007.11.02"]
[Round "8"]
[White "Purenne, Benoit"]
[Black "Goy, Wilfried"]
[Result "1-0"]
[WhiteElo "1895"]
[BlackElo "1970"]
[PlyCount "117"]
[EventDate "2007.10.27"]
[EventType "swiss"]
[EventRounds "9"]
[EventCountry "FRA"]
[SourceTitle "EXT 2008"]
[Source "ChessBase"]
[SourceDate "2007.11.25"]
[SourceVersion "1"]
[SourceVersionDate "2007.11.25"]
[SourceQuality "1"]

1. e4 c5 2. Nc3 Nc6 3. g3 g6 4. Bg2 Bg7 5. d3 a6 6. Be3 d6 7. Qd2 Nf6 8. Nge2 Ng4 9. 0-0 Nxe3 10. Qxe3 0-0 11. Nd1 Rb8 12. c3 b5 13. f4 e6 14. Qd2 Bb7 15. Ne3 Ne7 16. Bh3 f5 17. Rad1 d5 18. exf5 exf5 19. d4 c4 20. Bg2 Re8 21. Nc2 Nc8 22. Ne3 Qd7 23. Rfe1 Qf7 24. Kh1 Nd6 25. Ng1 Ne4 26. Bxe4 dxe4 27. Nh3 Bd5 28. Kg1 Bf6 29. g4 Be7 30. gxf5 gxf5 31. Re2 Kh8 32. Ng5 Rg8 33. Rg2 Bxg5 34. fxg5 Qe6 35. Rf1 Rbf8 36. Rf4 Rg7 37. Qf2 Rgf7 38. h4 Bb7 39. h5 Rg8 40. Rxf5 Rxf5 41. Qxf5 Qxf5 42. Nxf5 Rf8 43. Nd6 Bd5 44. g6 hxg6 45. hxg6 Kg7 46. Rg5 Ba8 47. Re5 Rf4 48. Re6 Rg4+ 49. Kf2 Rxg6 50. Rxg6+ Kxg6 51. Ke3 Kf6 52. Nxe4+ Kf5 53. Nc5 a5 54. Na6 Bg2 55. a3 Kf6 56. Nc7 Bc6 57. d5 Bd7 58. Kd4 Ke7 59. Kc5 1-0

[Event "Fouesnant op 13th"]
[Site "Fouesnant"]
[Date "2007.10.30"]
[Round "5"]
[White "Goy, Wilfried"]
[Black "Jolly, Jean Francois"]
[Result "0-1"]
[WhiteElo "1970"]
[BlackElo "2304"]
[PlyCount "56"]
[EventDate "2007.10.27"]
[EventType "swiss"]
[EventRounds "9"]
[EventCountry "FRA"]
[SourceTitle "EXT 2008"]
[Source "ChessBase"]
[SourceDate "2007.11.25"]
[SourceVersion "1"]
[SourceVersionDate "2007.11.25"]
[SourceQuality "1"]

1. e4 e5 2. Nc3 Nf6 3. Nf3 Nc6 4. Bc4 Nxe4 5. Bxf7+ Kxf7 6. Nxe4 d5 7. Neg5+ Kg8 8. d4 h6 9. Nh3 e4 10. Ne5 Nxe5 11. dxe5 Bxh3 12. gxh3 Bc5 13. Qg4 Qc8 14. Qg6 Qe8 15. Qf5 Qf7 16. Qxf7+ Kxf7 17. Bf4 Ke6 18. c3 Rhf8 19. Bg3 g5 20. h4 g4 21. h3 gxh3 22. Rxh3 h5 23. Ke2 Rf3 24. Rh2 Rg8 25. Rd1 Rg4 26. a4 a5 27. b4 axb4 28. cxb4 Bxb4 0-1

[Event "Fouesnant op 12th"]
[Site "Fouesnant"]
[Date "2006.10.30"]
[Round "4"]
[White "Marholev, Dimitar"]
[Black "Goy, Wilfried"]
[Result "1-0"]
[WhiteElo "2391"]
[BlackElo "1880"]
[PlyCount "31"]
[EventDate "2006.10.28"]
[EventType "swiss"]
[EventRounds "9"]
[EventCountry "FRA"]
[SourceTitle "EXT 2008"]
[Source "ChessBase"]
[SourceDate "2007.11.25"]
[SourceVersion "1"]
[SourceVersionDate "2007.11.25"]
[SourceQuality "1"]

1. e4 Nf6 2. e5 Nd5 3. d4 d6 4. Nf3 Bf5 5. Bd3 Bxd3 6. Qxd3 e6 7. 0-0 Be7 8. Qb5+ Nd7 9. Qxb7 0-0 10. Qb5 c5 11. exd6 Bxd6 12. dxc5 Bxc5 13. Qe2 Qf6 14. c4 N5b6 15. Nc3 Be7 16. Bg5 1-0